| 000 | 00985nam a2200301Ki 4500 | ||
|---|---|---|---|
| 001 | 10136152 | ||
| 003 | OSt | ||
| 005 | 20241025074721.0 | ||
| 008 | 831116c19761974txu b 000 0 eng d | ||
| 010 | _a73091549 | ||
| 020 | _a0876808704 | ||
| 040 |
_aOKO _beng _erda _cOKO _dm/c _dSTU |
||
| 050 | _a248.4 L334O | ||
| 082 | _a248.4 L334O | ||
| 090 |
_aBV4501.2 _b.L33 |
||
| 100 | 1 |
_aLarson, Bruce, _d1925-2008. _0https://id.loc.gov/authorities/names/no2015122338 _9286 |
|
| 245 | 1 | 0 |
_aOne and only you / _cBruce Larson. |
| 250 | _aFirst Key-word Book edition. | ||
| 260 |
_aWaco, Tex. : _bWord Books, _c1976, c1974. |
||
| 300 |
_a127 pages ; _c18 cm |
||
| 336 |
_atext _btxt _2rdacontent |
||
| 337 |
_aunmediated _bn _2rdamedia |
||
| 338 |
_avolume _bnc _2rdacarrier |
||
| 500 | _a"A Key-word book." | ||
| 504 | _aIncludes bibliographical references. | ||
| 650 | 0 |
_aChristian life _xPresbyterian authors. _0https://id.loc.gov/authorities/subjects/sh2008100681 _9287 |
|
| 942 |
_2ddc _cBK |
||
| 999 |
_c11205 _d11205 |
||